000
00263nam a22001217a 4500
008
181029b xxu||||| |||| 00| 0 eng d
041
_a
eng
080
_a
710
100
_a
44
101
_a
ART
245
_a
102 Favorite Paintings
_c
Rockwell,N
942
_2
udc
_c
BK
999
_c
50959
_d
50959